Управление на екипи (Запис номер 75855)
[ съкратено ]
| 000 -Лидер | |
|---|---|
| Контролно поле с фиксирана дължина | 01617nam a2200373 c 4500 |
| 003 - Код на организацията, давaща контролен номер | |
| Контролно поле | BLK |
| 005 - Дата и час на последна редакция | |
| Контролно поле | 20240312091535.0 |
| 008 - Елементи от данни с фиксирана дължина | |
| fixed length control field | 180408b bul|||||r ||||||| ||bul|| |
| 010 ## - Наследен системен номер | |
| LC control number | KNG00080277000 |
| 020 ## - Международен стандартен номер на книга ISBN | |
| Международен стандартен номер на книга ISBN | 978-954-92061-3-5 |
| 040 ## - Източник на каталожния запис | |
| Идентификатор на билиотеката - собственик на записа | BLK |
| 041 ## - Код за език | |
| Код за езика на текст/звукозапис или на отделно заглавие | Български |
| Код за езика КДБФ | Български |
| 080 ## - УДК | |
| Текстов определител УДК | Методи на управление. Мениджмънт. Анализи, планиране, ръководство, сътрудничество, контрол, коопериране и др. |
| УДК код - определител по УДК | 005.5 |
| УДК - код + определител | 005.5 |
| 139 ## - Редно поле | |
| Редна дума | Управление на екипи |
| Авторски знак | Упр - У 73 |
| 245 10 - Сведения за заглавието | |
| Заглавие | Управление на екипи |
| Подзаглавни данни | Експертни отговори на ежедневни предизвикателства |
| Редно поле (дума) | прев. от англ. Десислава Любомирова Бошнакова. |
| 257 ## - Страна на издаване | |
| Страна на създаване/издаване | Съединени американски щати |
| 260 ## - Област на издателските данни | |
| Име на издателя, разпространителя и проч. | Мениджър |
| Година на издаване | 2007 |
| Печатница | София : Манта Принт |
| 300 ## - Физическа характеристика | |
| Страници | 100 с. |
| Размери/Мащаб | 18 см |
| 380 ## - Жанр | |
| Жанр | Общ отдел |
| 490 1# - СЕРИИ (Колекции) | |
| Име на серия | Серия Джобен наставник |
| №: серия | 3 |
| 500 ## - Общи забележки | |
| Забележка | Ориг. загл. LeadingTeams. - Библиогр. с. 93-100. |
| 650 #4 - Допълнително описание по предмет – тема | |
| Основно описание – тема или топоним | Управление - кадри |
| 9 (RLIN) | 253118 |
| 653 ## - Ключова дума – ненормативна | |
| Ключова дума | управление |
| 653 ## - Ключова дума – ненормативна | |
| Ключова дума | работа в екип |
| 653 ## - Ключова дума – ненормативна | |
| Ключова дума | управленски решения |
| 700 ## - Други автори (авторска отговорност) | |
| Лично име | Бошнакова, Десислава Любомирова |
| 9 (RLIN) | 369109 |
| 852 ## - Местоположение | |
| Форматна сигнатура | Цб І 32836 |
| 856 4# - Електронен адрес и достъп | |
| Електронен формат | pdf - файл |
| 856 4# - Електронен адрес и достъп | |
| Електронен формат | pdf - файл |
| 999 ## - СИСТЕМНИ КОНТРОЛНИ НОМЕРА | |
| Koha biblionumber | 75855 |
| Koha biblioitemnumber | 75855 |
| 942 ## - АРТИКУЛИ | |
| Вид на библиотечния материал | Книги |
| Скрит в OPAC | Не |
| Koha issues (borrowed), all copies | 6 |
| Периодичен библиозапис | Да |
| 944 ## - СЪЗДАВАНЕ И РЕДАКЦИЯ на ЗАПИСА | |
| Създаване/Редакция | Създаване |
| Дата на регистрацията/редакция | 07.01.2008 |
| Статус, дата на статуса | Кети Илиева |
| Служител, извършил регистрацията/редакцията | 30550 |
| 944 ## - СЪЗДАВАНЕ И РЕДАКЦИЯ на ЗАПИСА | |
| Създаване/Редакция | Редакция |
| Дата на регистрацията/редакция | 23.11.2016 |
| Статус, дата на статуса | ф / |
| Служител, извършил регистрацията/редакцията | Людмила_Стоянова |
| 999 ## - СИСТЕМНИ КОНТРОЛНИ НОМЕРА | |
| Koha biblioitemnumber | 75855 |
| Код за отписване | Код за изгубен артикул | Източник на класификационната схема | Код за повреда | Коз за рестрикции | Код за отдаване | Артикулен № | Име на библиотеката - собственик | Име на библиотеката, в която се намира в момента | Статус (Текущо местоположение) | Дата на вписване в системата | Местоположение - отдел | Цена в лева | Инвентарен номер | Систематично азбучна сигнатура | Баркод | Номер на екземпляра | Цена в евро | Служебна бележка | Служебен тип на артикула |
|---|---|---|---|---|---|---|---|---|---|---|---|---|---|---|---|---|---|---|---|
| Изтеглен | Не е изгубен | Universal Decimal Classification | Не е повреден | без рестрикции | заемане за дома | 123342 | Регионална библиотека "Любен Каравелов" Русе | Регионална библиотека "Любен Каравелов" Русе | Заемна - подръчен фонд | 2007-12-21 | Заемна - подръчен фонд | 5.90 | 120000721692 | 005.5/У 73 | 120000721692 | 1 | 3.02 | Дост: Pk Вид: Ф N: 13343 Дата: 17.12.2007 Дата инв: 06.02.2018 Бележки инв: П2018 | Книги |
| Изтеглен | Не е изгубен | Universal Decimal Classification | Не е повреден | без рестрикции | заемане за дома | 123343 | Регионална библиотека "Любен Каравелов" Русе | Регионална библиотека "Любен Каравелов" Русе | Заемна - подръчен фонд | 2007-12-21 | Заемна - подръчен фонд | 5.90 | 120000721693 | 005.5/У 73 | 120000721693 | 2 | 3.02 | Дост: Pk Вид: Ф N: 13343 Дата: 17.12.2007 Дата инв: 06.02.2018 Бележки инв: П2018 | Книги |
| Изтеглен | Не е изгубен | Universal Decimal Classification | Не е повреден | без рестрикции | заемане за дома | 123344 | Регионална библиотека "Любен Каравелов" Русе | Регионална библиотека "Любен Каравелов" Русе | Заемна - подръчен фонд | 2007-12-21 | Заемна - подръчен фонд | 5.90 | 120000721694 | 005.5/У 73 | 120000721694 | 3 | 3.02 | Дост: Pk Вид: Ф N: 13343 Дата: 17.12.2007 Дата инв: 06.02.2018 Бележки инв: П2018 | Книги |
| Не е изгубен | Не е повреден | без рестрикции | ползва се в читалня | 123345 | Регионална библиотека "Любен Каравелов" Русе | Регионална библиотека "Любен Каравелов" Русе | Хранилище | 2008-03-24 | Хранилище | 5.90 | 120000724654 | Цб І 32836 | 120000724654 | 4 | 3.02 | Дост: Dp Вид: Д N: 5 Дата: 02.01.2008 | Книги | ||
| Не е изгубен | Universal Decimal Classification | Не е повреден | без рестрикции | заемане за дома | 123346 | Регионална библиотека "Любен Каравелов" Русе | Регионална библиотека "Любен Каравелов" Русе | Заемна - подръчен фонд | 2008-09-26 | Заемна - подръчен фонд | 5.90 | 120000729577 | 005.5/У 73 | 120000729577 | 5 | 3.02 | Дост: Pk Вид: Ф N: 8934 Дата: 24.09.2008 Дата инв: 06.02.2018 Бележки инв: П2018 | Книги | |
| Не е изгубен | Universal Decimal Classification | Не е повреден | без рестрикции | заемане за дома | 123347 | Регионална библиотека "Любен Каравелов" Русе | Регионална библиотека "Любен Каравелов" Русе | Заемна - подръчен фонд | 2008-09-26 | Заемна - подръчен фонд | 5.90 | 120000729578 | 005.5/У 73 | 120000729578 | 6 | 3.02 | Дост: Pk Вид: Ф N: 8934 Дата: 24.09.2008 Дата инв: 06.02.2018 Бележки инв: П2018 | Книги | |
| Изтеглен | Не е изгубен | Universal Decimal Classification | Не е повреден | без рестрикции | заемане за дома | 123348 | Регионална библиотека "Любен Каравелов" Русе | Регионална библиотека "Любен Каравелов" Русе | Заемна - подръчен фонд | 2016-07-11 | Заемна - подръчен фонд | 5.90 | 120000802031 | 005.5/У 73 | 120000802031 | 7 | 3.02 | Дост: DA Вид: А N: 27 Дата: 11.07.2016 Дата инв: 06.02.2018 Бележки инв: П2018 | Книги |